ISLAMIC BANKING AND FINANCE WORKBOOK STE (Record no. 23252)

MARC details
000 -LEADER
fixed length control field 00369nam a2200133Ia 4500
008 - FIXED-LENGTH DATA ELEMENTS--GENERAL INFORMATION
fixed length control field 240624s9999 xx 000 0 und d
041 ## - LANGUAGE CODE
Language code of text/sound track or separate title eng
082 ## - DEWEY DECIMAL CLASSIFICATION NUMBER
Classification number 332.1 KET
100 ## - MAIN ENTRY--PERSONAL NAME
Personal name KETTELL BRIAN
245 ## - TITLE STATEMENT
Title ISLAMIC BANKING AND FINANCE WORKBOOK STE
260 ## - PUBLICATION, DISTRIBUTION, ETC.
Date of publication, distribution, etc. 2011
Place of publication, distribution, etc. United Kingdom
Name of publisher, distributor, etc. Wiley (John Wiley & Sons)
300 ## - PHYSICAL DESCRIPTION
Extent xii, : 137 : p. : cm. ; 24
365 ## - TRADE PRICE
Currency code
Price amount 28
Holdings
Withdrawn status Lost status Damaged status Not for loan Home library Current library Shelving location Date acquired Source of acquisition Cost, normal purchase price Full call number Barcode Date last seen Copy number Price effective from Koha item type
        IMTN IMTN Rack 9-B 09/29/2014 RW 50.00 332.1 KET 23252 06/24/2024 64.2 06/24/2024 Books
Designed & Maintained by: LRC IMT Nagpur Contact: lrc@imtnag.ac.in© 2024. All Rights Reserved.